| 000 | 01212nam a2200313 i 4500 | ||
|---|---|---|---|
| 001 | 186351 | ||
| 003 | SpMaBN | ||
| 005 | 20250822055648.0 | ||
| 008 | 161026s1989 sp cf |||| |bspa d | ||
| 020 | _a84-239-3829-8 | ||
| 080 | _a821.134.2-82"19" | ||
| 100 | 1 |
_aMachado, Antonio, _d1875-1939 _975151 |
|
| 245 | 1 | 0 |
_aAntonio Machado / _cedición crítica de Oreste Macrì con la colaboración de Gaetano Chiappini. |
| 246 | 1 | _aPoesías completas | |
| 246 | 1 | _aProsas completas | |
| 250 | _aEd. del cincuentenario (1939-1989). | ||
| 260 |
_aMadrid : _bEspasa-Calpe : _bFundación Antonio Machado, _c1989. |
||
| 300 |
_a2 v. (XXIII, 2545 p., [16] p. de lám.) ; _c22 cm. |
||
| 490 | 1 | _aClásicos castellanos. Nueva serie | |
| 500 | _aÍndice. | ||
| 504 | _aBibliografía: p. [249]-422. | ||
| 505 | 8 |
_aContiene: v. 1 ; _tPoesías completas - v. 2 ; _tProsas completas |
|
| 700 | 1 |
_aMacrí, Oreste. _975278 |
|
| 700 | 1 |
_aChiappini, Gaetano. _938460 |
|
| 710 | 2 |
_aFundación Antonio Machado. _9137683 |
|
| 830 | 0 | 0 |
_aClásicos castellanos. _pNueva serie (Espasa-Calpe) _9178821 |
| 852 |
_aES-MaACL _jL-30711-12 _z- enc. cart. _z. - Donat. Miguel A. Velasco |
||
| 999 |
_c186351 _d186351 |
||